000 00299nam a22001337a 4500
008 170602b xxu||||| |||| 00| 0 eng d
020 _a9780060891589
041 _aeng
080 _a94
100 _a17
101 _aSHH
245 _aHOW THE GREAT PYRAMID WAS BUILT
_cSMITH,C.B
942 _2udc
_cBK
999 _c15643
_d15643